ARRUPE JESUIT UNIVERSITY

CORONAVIRUS -STOP THE SPREAD - CLEAN,DISINFECT,COVER

Politics : (Record no. 131075)

MARC details
000 -LEADER
fixed length control field 01174cam a2200325 a 4500
001 - CONTROL NUMBER
control field 4499152
003 - CONTROL NUMBER IDENTIFIER
control field ARRUPE
005 - DATE AND TIME OF LATEST TRANSACTION
control field 20211102110154.0
008 - FIXED-LENGTH DATA ELEMENTS--GENERAL INFORMATION
fixed length control field 970714s1997 enka b 001 0 eng d
010 ## - LIBRARY OF CONGRESS CONTROL NUMBER
LC control number 97180623
020 ## - INTERNATIONAL STANDARD BOOK NUMBER
International Standard Book Number 0415110742
020 ## - INTERNATIONAL STANDARD BOOK NUMBER
International Standard Book Number 0415110750 (pbk.)
035 ## - SYSTEM CONTROL NUMBER
System control number (OCoLC)37289679
040 ## - CATALOGING SOURCE
Original cataloging agency UkCoU
Transcribing agency UkCoU
Modifying agency WaS
-- DLC
042 ## - AUTHENTICATION CODE
Authentication code lccopycat
050 00 - LIBRARY OF CONGRESS CALL NUMBER
Classification number JA66
Item number .P65 1997
082 04 - DEWEY DECIMAL CLASSIFICATION NUMBER
Classification number 320
Edition number 21
082 00 - DEWEY DECIMAL CLASSIFICATION NUMBER
Classification number 320
Edition number 21
300 ## - PHYSICAL DESCRIPTION
Other physical details ill. ;
Dimensions 25 cm.
245 00 - TITLE STATEMENT
Title Politics :
Remainder of title an introduction /
Statement of responsibility, etc Barrie Axford ... [et al.].
260 ## - PUBLICATION, DISTRIBUTION, ETC. (IMPRINT)
Place of publication, distribution, etc London ;
-- New York :
Name of publisher, distributor, etc Routledge,
Date of publication, distribution, etc 1997.
300 ## - PHYSICAL DESCRIPTION
Extent xi, 532 p. :
504 ## - BIBLIOGRAPHY, ETC. NOTE
Bibliography, etc Includes bibliographical references (p. 515-526) and index.
650 #0 - SUBJECT ADDED ENTRY--TOPICAL TERM
Topical term or geographic name as entry element Political science.
700 1# - ADDED ENTRY--PERSONAL NAME
Personal name Axford, Barrie.
9 (RLIN) 50902
856 42 - ELECTRONIC LOCATION AND ACCESS
Materials specified Publisher description
Uniform Resource Identifier <a href="http://www.loc.gov/catdir/enhancements/fy0909/97180623-d.html">http://www.loc.gov/catdir/enhancements/fy0909/97180623-d.html</a>
856 42 - ELECTRONIC LOCATION AND ACCESS
Materials specified Contributor biographical information
Uniform Resource Identifier <a href="http://www.loc.gov/catdir/enhancements/fy1102/97180623-b.html">http://www.loc.gov/catdir/enhancements/fy1102/97180623-b.html</a>
906 ## - LOCAL DATA ELEMENT F, LDF (RLIN)
a 7
b cbc
c copycat
d 2
e ncip
f 19
g y-gencatlg
942 ## - ADDED ENTRY ELEMENTS (KOHA)
Source of classification or shelving scheme Library of Congress Classification
Koha item type Monograph ( Printed materials)
Holdings
Withdrawn status Lost status Source of classification or shelving scheme Damaged status Not for loan Collection code Home library Current library Shelving location Date acquired Total Checkouts Full call number Barcode Date last seen Price effective from Koha item type
    Library of Congress Classification     Main Collection ARRUPE LIBRARY ARRUPE LIBRARY Main Collection 02/11/2021   JA66 .P65 1997 46600007047 02/11/2021 02/11/2021 Monograph ( Printed materials)

 

Arrupe Library. PO Box MP320 Mt Pleasant, Harare, Zimbabwe
263 242 745411|librarian@aju.ac.zw